000 00590nam a2200205Ia 4500
005 20250923145912.0
008 008 250917s9999 xx 000 0 eng d
037 _aTextual
040 _aDSWL
_beng
_cDSWL
041 _aeng
_2eng
084 _aX:2710i77, N94
_qDSWL
100 _aSingh, Katar
_9840102
245 0 _aManaging comnon pool Resourches Dynamics of International
_c by Katar Singh
260 _aDelhi
_bO.U.P.
_c1994
300 _axxi,366p.
365 _aINR
_b425.00
925 _g425.00
942 _cTEXL
_hX:2710i77, N94
999 _c1457133
_d1457133